00466nam a22001697a 450000500170000001000130001702000260003003500130005603700120006908200080008110000220008924500840011125000120019526000250020730000210023270000430025320180803121947.0 aB-701147 a9789332536739c589.00 aB-701147 bPearson a150 aSolso, Robert L.  aCognitive Psychology/cRobert L. Solso, Otto H. Maclin [and] M. kimberly Maclin a8th ed. aNoidabPearsonc2014 a516p.c22cm(Pbk) a Maclin, Otto H. , Maclin, M. kimberly